| 000 | 01055cam a2200349Ka 4500 | ||
|---|---|---|---|
| 001 | ocm53478468 | ||
| 003 | OCoLC | ||
| 005 | 20241220115520.0 | ||
| 008 | 031121s2002 nyub e 000 1 eng d | ||
| 010 | _z 86047576 | ||
| 020 | _z0553270222 (pbk.) | ||
| 035 | _a(Sirsi) o53478468 | ||
| 040 |
_aCMI _cCMI _dOCLCQ _dOCL _dOCLCA _dUINTA _erda |
||
| 043 | _an-ust-- | ||
| 049 | _aUCLB | ||
| 092 | 0 |
_a813.54 _221 |
|
| 092 | _aL'AMOUR | ||
| 100 | 1 |
_aL'Amour, Louis, _d1908-1988. _96163473 |
|
| 245 | 1 | 4 |
_aThe haunted mesa / _cLouis L'Amour. |
| 260 |
_aNew York : _bBantam Books, _c2002. |
||
| 264 |
_aNew York : _bBantam Books, _c2002. |
||
| 300 |
_a362 p. : _bmap ; _c18 cm. |
||
| 336 | _aText | ||
| 337 | _aBook | ||
| 338 | _aPaperback | ||
| 650 | 0 |
_aPueblo Indians _vFiction. _95736397 |
|
| 650 | 0 |
_aFourth dimension _vFiction. _96378316 |
|
| 650 | 0 |
_aCliff-dwellers _vFiction. _96401244 |
|
| 651 | 0 |
_aSouthwest, New _vFiction. _95733373 |
|
| 655 | 0 |
_aWestern stories. _96163476 |
|
| 942 |
_cBOOK _2ddc |
||
| 999 |
_c41260 _d41260 |
||